LIBRARY & INFORMATION CENTRE, KCAET, TAVANUR

ONLINE PUBLIC ACCESS CATALOGUE (OPAC)

Human problems in technological change: a case book / (Record no. 8619)

MARC details
000 -LEADER
fixed length control field 00422cam a2200157ua 4500
041 ## - LANGUAGE CODE
Language code of text/sound track or separate title eng
082 ## - DEWEY DECIMAL CLASSIFICATION NUMBER
Classification number 371.3
Item number SPI/HU
100 ## - MAIN ENTRY--AUTHOR NAME
Personal name Spicor, Edward H .
245 ## - TITLE STATEMENT
Title Human problems in technological change: a case book /
250 ## - EDITION STATEMENT
Edition statement 1 /
260 ## - PUBLICATION, DISTRIBUTION, ETC. (IMPRINT)
Place of publication Newyork :
Name of publisher Russell sage foundation ,
Year of publication 1961.
300 ## - PHYSICAL DESCRIPTION
Number of Pages 301 ; .
942 ## - ADDED ENTRY ELEMENTS (KOHA)
Koha item type Books
Holdings
Withdrawn status Lost status Damaged status Home library Current library Date acquired Full call number Accession Number Koha item type
Withdrawn     KAUAET Malayalam University 07/04/2012 371.3 673 Books
free website counter